000 00564 a2200169 4500
999 _c5388
_d5388
020 _a0815513356
050 0 0 _aTD 194.7 CHE 1993
100 1 _aCheremisinoff, Paul N.
_eauthor
245 1 0 _aProfessional environmental auditors' guidebook /
_cPaul N. Cheremisinoff and Nicholas P. Cheremisinoff.
264 _aU.S.A.:
_bNoyes Publications,
_c1993
300 _a257 p. :
_bill. ;
500 _aIncludes index
650 0 _aEnvironmental auditing.
650 0 _aReal estate business.
700 1 _aCheremisinoff, Nicholas P.
_eauthor
942 _2lcc
_cBK
_h194.7
_iCHE
_kTD